Advanced inorganic chemistry (Record no. 2836)

000 -LEADER
fixed length control field 00571nam a2200241u 4500
001 - CONTROL NUMBER
control field 2836
003 - CONTROL NUMBER IDENTIFIER
control field BD-DhUET
008 - FIXED-LENGTH DATA ELEMENTS--GENERAL INFORMATION
fixed length control field 890901s1965 ii 000 0 eng
020 ## - INTERNATIONAL STANDARD BOOK NUMBER
International Standard Book Number 8121902630
040 ## - CATALOGING SOURCE
Original cataloging agency DLC
Transcribing agency DLC
Modifying agency BD-DhUET
082 ## - DEWEY DECIMAL CLASSIFICATION NUMBER
Classification number 546
Item number PRA/2000
100 ## - MAIN ENTRY--PERSONAL NAME
Personal name Prakash, Satya
245 00 - TITLE STATEMENT
Title Advanced inorganic chemistry
250 ## - EDITION STATEMENT
Edition statement 1st ed.
260 ## - PUBLICATION, DISTRIBUTION, ETC. (IMPRINT)
Place of publication, distribution, etc. New York
Name of publisher, distributor, etc. S. Chand
Date of publication, distribution, etc. 2000
300 ## - PHYSICAL DESCRIPTION
Extent xvi, 1157p.
Other physical details ill.
500 ## - GENERAL NOTE
General note Vol. I
650 #0 - SUBJECT ADDED ENTRY--TOPICAL TERM
Topical term or geographic name as entry element Chemistry
700 ## - ADDED ENTRY--PERSONAL NAME
Personal name Tuli, G. D.
700 ## - ADDED ENTRY--PERSONAL NAME
Personal name Basu, S. K.
700 ## - ADDED ENTRY--PERSONAL NAME
Personal name Madan, R. D.
942 ## - ADDED ENTRY ELEMENTS (KOHA)
Koha item type General Book
Holdings
Shelving location Koha item type Koha full call number Not for loan Location (home branch) Koha date last seen Source of classification or shelving scheme Damaged status Koha date last borrowed Lost status Price effective from Withdrawn status Koha normalized classification for sorting Date acquired Sublocation or collection (holding branch) Copy number Piece designation (barcode) Koha renewals Koha issues (times borrowed)
Circulation sectionGeneral Book546/PRA/2000 Central Library, BUET2024-05-26  2024-04-27 2014-10-12 546_000000000000000_PRA_20002014-10-12Central Library, BUET19643525
Circulation sectionGeneral Book546/PRA/2000 Central Library, BUET2020-02-24  2020-02-23 2014-11-09 546PRA20002014-11-09Central Library, BUET296433112
Reading sectionReading Item546/PRA/2000 Central Library, BUET2015-06-16    2015-06-16 546_000000000000000_PRA_20002015-06-16Central Library, BUET396431  
Circulation sectionGeneral Book546/PRA/2000 Central Library, BUET2019-09-01  2019-08-24 2015-12-28 546_000000000000000_PRA_20002015-12-28Central Library, BUET496434 6